Zhodnotenie efektívnosti v akciovej spoločnosti diplomová práca

Saved in:
Bibliographic Details
Main Author: Kucová, Lucia
Corporate Author: Podnikovohospodárska fakulta EU so sídlom v Košiciach. Katedra účtovníctva a financií
Other Authors: Kostková, Albína, 1951-
Format: Book
Language:Slovak
Published: Košice 2011
Tags: Add Tag
No Tags, Be the first to tag this record!

MARC

LEADER 00000nbm a2200000 4500
001 0139153
005 20161109101909.7
041 0 |a slo 
044 |a SK 
245 1 0 |a Zhodnotenie efektívnosti v akciovej spoločnosti  |b diplomová práca  |c Lucia Kucová ; školiteľ: Albína Kostková 
264 1 |a Košice  |c 2011 
300 |a 80 s. 
100 1 |a Kucová, Lucia 
700 1 |a Kostková, Albína, 1951- 
710 2 |a Podnikovohospodárska fakulta EU so sídlom v Košiciach. Katedra účtovníctva a financií